|
|
|
|
| LEADER |
00000cam a2200000 4500 |
| 001 |
vtls012229146 |
| 003 |
SK-MaSNL |
| 005 |
20260301163528.0 |
| 008 |
230509s2022 xo a gr 000 0dslo |
| 015 |
|
|
|a SNBA2023/06
|
| 020 |
|
|
|a 9788056628188
|q (brožované)
|
| 040 |
|
|
|a SNK
|b slo
|c SNK
|e rda
|
| 041 |
1 |
|
|a slo
|h spa
|
| 043 |
|
|
|a a-ko---
|
| 044 |
|
|
|a xo
|c SK
|
| 072 |
|
7 |
|a 791
|x Film. Cirkus. Ľudová zábava
|2 konspekt
|
| 080 |
|
|
|a 791.242.097
|2 2011
|
| 080 |
|
|
|a (519.5)
|2 2011
|
| 080 |
|
|
|a (036)
|2 2011
|
| 100 |
1 |
|
|a Min-Džun, Park
|4 aut
|9 529638
|
| 240 |
1 |
0 |
|a Dentro del juego del calamar
|l Slovensky
|
| 245 |
1 |
0 |
|a Hra na kalmára
|b 100% neoficiálny sprievodca seriálom Squid game
|c Park Min-Džun ; zo španielčiny preložila Mária Koscelníková ; ilustrácie: Augustín Estruga
|
| 250 |
|
|
|a Prvé slovenské vydanie
|
| 264 |
|
1 |
|a V Bratislave
|b Lindeni
|c 2022
|
| 300 |
|
|
|a 151 strán
|b ilustrácie
|c 20 cm
|
| 336 |
|
|
|a text
|b txt
|2 rdacontent
|
| 337 |
|
|
|a bez média
|b n
|2 rdamedia
|
| 338 |
|
|
|a zväzok
|b nc
|2 rdacarrier
|
| 500 |
|
|
|a Profesijné údaje o autorovi na záložke obálky publikácie. V názve sa vyskytuje znak trojuholníka namiesto písmena a. Vydalo vydavateľstvo Lindeni v spoločnosti Albatros Media Slovakia, s.r.o.
|
| 630 |
0 |
7 |
|a Squid game (televízny seriál)
|2 SNKPH
|9 529639
|
| 650 |
0 |
7 |
|a televízne seriály
|2 SNKPH
|9 2920
|
| 650 |
0 |
7 |
|a Television serials
|2 SNKPHeng
|9 329087
|
| 651 |
|
7 |
|a Kórejská republika
|2 SNKPHgeo
|9 82312
|
| 651 |
|
7 |
|a South Korea
|2 SNKPHeng
|9 372918
|
| 655 |
|
7 |
|a sprievodcovia (publikácie)
|2 SNKPH
|9 219172
|
| 655 |
|
7 |
|a Guidebooks
|2 SNKPHeng
|2 SNKPHeng
|9 268010
|
| 700 |
1 |
|
|a Koscelníková, Mária,
|d 1993-
|4 trl
|9 217689
|
| 700 |
1 |
|
|a Estruga, Augustín
|4 ill
|9 529640
|
| 710 |
2 |
|
|a Albatros Media Slovakia.
|b Lindeni
|4 pbl
|9 193326
|
| 752 |
|
|
|a Slovensko
|d Bratislava
|
| 852 |
|
|
|a Slovenská národná knižnica
|
| 919 |
|
|
|a 978-80-566-2818-8
|
| 954 |
|
|
|a iná literatúra (príručky, kuchárske knihy, hobby literatúra, sprievodcovia) cudzojazyčná (svetová)
|2 lita
|
| 958 |
|
|
|a OP
|
| 968 |
|
|
|b ESP
|
| 999 |
|
|
|c 817313
|d 819243
|
| 952 |
|
|
|a SNK
|b SNK
|y PREZ
|7 0
|p 17A1529215
|o snkSD 91554
|i snk2023/7708
|8 0
|0 0
|1 0
|4 0
|d 2023-05-16
|f 1
|l 0
|r 2026-02-24 02:55:14
|w 2026-02-24
|
| 952 |
|
|
|a SNK
|b SNK
|y VYP
|7 0
|p 17A1529214
|o snkSD 91554 D1
|i snk2023/7709
|8 0
|0 0
|1 0
|4 0
|d 2023-05-16
|l 0
|r 2026-02-24 02:55:14
|w 2026-02-24
|